| 000 | 00000nam##2200000za#4500 |
| 001 | 9.634508 |
| 003 | CaOODSP |
| 005 | 20250121091123 |
| 007 | cr ||||||||||| |
| 008 | 150407|2007||||xxc|||||o f|0| 0 fre|d |
| 020 | |a978-0-662-07033-7 |
| 040 | |aCaOODSP|bfre |
| 043 | |an-cn--- |
| 086 | 1 |aCD4-47/2007F-PDF |
| 110 | 1 |aCanada.|bAgence canadienne de développement international. |
| 245 | 10|aProgramme de l'ACDI pour la Chine - égalité entre les sexes |h[ressource électronique] |
| 260 | |aGatineau - Québec : |bAgence canadienne de développement international |cc2007. |
| 300 | |a40p.|btableaux, photographies |
| 500 | |aLe n° de catalogue (CD4-47/2007F) et l'ISBN (978-0-662-07032-0) de l'édition imprimée ont été incorrectement copiés dans la version PDF. |
| 520 | 3 |aLe Guide de mise en Ĺ“uvre de la dimension de l’égalité entre les sexes a pour objet de favoriser l’intégration des principes de l’égalité entre les sexes aux activités du Programme de l’Agence canadienne de développement international (ACDI) en Chine. Il vise à faire le pont entre le Cadre de programmation-pays 2005-2010 pour la Chine et la Politique de l’ACDI en matière d’égalité entre les sexes (mars 1999). |
| 590 | |a12-23-Supp|b2012-05-28 |
| 691 | 07|aÉgalité des sexes|2gcpds |
| 775 | 08|t[Programme de l'ACDI pour la Chine - égalité entre les sexes] |w(CaOODSP)9.674598 |
| 775 | 08|tCIDA China Program - gender equality toolkit |w(CaOODSP)9.690135 |
| 776 | 0#|tProgramme de l'ACDI pour la Chine - guide de mise en oeuvre Égalité entre les sexes |w(CaOODSP)9.683949 |
| 856 | 40|ahttp://publications.gc.ca|qPDF|s633 Ko|uhttps://publications.gc.ca/collections/collection_2012/acdi-cida/CD4-47-2007-fra.pdf |